Countries with the word "north" or "south" - Statistics

General Stats
  • This quiz has been taken 45 times
  • The average score is 5 of 5
Answer Stats
Answer % Correct
North Korea
100%
South Korea
98%
South Sudan
91%
North Macedonia
86%
South Africa
84%
No matching quizzes found
Score Distribution
Percent of People with Each Score
Percentile by Number Answered
Your Score History
You have not taken this quiz